| 000 | 00717cam a2200205 4500 | ||
|---|---|---|---|
| 001 | WB3639-24 | ||
| 008 | 000000n2000 000 0 eng u | ||
| 035 | _a(Sirsi) u108603 | ||
| 245 | _aIncrease in internet house sales | ||
| 260 | _c2000 | ||
| 490 |
_aWestern Mail _v 29 September 2000, 17(1) |
||
| 520 | _aEasier plc, a free online property sales service provider, reports that an increasing number of people in the UK are following the trend in the United States and selling their houses privately on the internet. | ||
| 590 | _aWB | ||
| 650 | _aEASIER PLC | ||
| 650 | _aINTERNET | ||
| 650 | _aHOUSE SALES | ||
| 650 | _aPROPERTY TRANSACTIONS | ||
| 690 | _aINFORMATION TECHNOLOGY-INTERNET | ||
| 942 | _n0 | ||
| 999 |
_c64831 _d64831 |
||